000 00308nam a2200145Ia 4500
003 OSt
005 20240212094213.0
008 170523s9999 xx 000 0 und d
020 _a0471907170
040 _ciimtu meerut
100 _aWHITE
245 0 _aOPERATION RESEARCH
260 _bPHI
942 _2ddc
_c02
999 _c1851
_d1851